Count Me Out Kendrick Lamar Lyrics - Statistics

General Stats
  • This quiz has been taken 189 times
  • The average score is 200 of 341
Answer Stats
Lyrics % Correct
I
96%
the
92%
On
91%
on
91%
a
89%
of
88%
you
88%
me,
87%
me
87%
these
87%
One
85%
one
85%
make
84%
it
83%
go
81%
to
81%
I'm
80%
We
78%
this
77%
This
77%
when
77%
dark
75%
not
75%
Out
75%
out
75%
then,
75%
then
75%
All
74%
know
74%
may
74%
right
74%
road
74%
way
74%
which
74%
difficult
73%
love
73%
hoes
72%
lives,
72%
lives
72%
count
70%
With
70%
with
70%
that
68%
things
68%
at
66%
at?
66%
my
66%
done
65%
Done
65%
every
64%
Every
64%
I'ma
64%
magazine,
64%
wrongs
64%
Got
63%
got
63%
that's
63%
I've
62%
shame
62%
hurt,
61%
six
61%
an
60%
guilt,
60%
Son,
60%
aimed
59%
blame
59%
magazines
59%
Father,
58%
In
58%
in
58%
put
58%
Rain
58%
Breakthrough
57%
where
56%
who
56%
And
55%
and
55%
(Mr. Duckworth)
55%
ten,
55%
'til
55%
your
55%
fame
54%
fight
53%
up,
53%
up
53%
Session
51%
what's
51%
What's
51%
myself
50%
myself,
50%
Sleep,
49%
ain't
48%
It's
48%
time
47%
had
45%
They
45%
too
44%
bedroom
43%
take
43%
back?
42%
don't
42%
game
42%
Tell
42%
was
42%
but
41%
But
41%
care
41%
down
41%
money
41%
trust
41%
complex
40%
Fallin'
40%
much,
40%
much
40%
soul
40%
affairs
39%
everybody
39%
Trippin'
39%
'Em"
38%
Please
38%
share
37%
there
37%
are
36%
else
36%
hearts
36%
lack
36%
like
36%
Look
36%
around,
35%
babies
35%
broke
35%
dreams
35%
fair
35%
fear,
35%
Mask
35%
mask
35%
mirror
35%
reach?
35%
shut
35%
Wear
35%
won't
35%
words
35%
could
34%
head
34%
times,
34%
wanna
34%
better
33%
hide
33%
Opp
33%
pit
33%
yourself
33%
bull
32%
ego,
32%
forgive
32%
inside
32%
somebody
32%
dust
31%
emotion
31%
fought
31%
If
31%
pride
31%
rare
31%
blood
30%
didn't
30%
fill
30%
hundred
30%
neighborhood
30%
scarier
30%
shed
30%
stores
30%
aquariums
29%
been
29%
carved
29%
fails,
29%
learn
29%
moralities
29%
nothin'
29%
seen
29%
terrier,
29%
year,
29%
realities
28%
Wipe
28%
layered
27%
angels,
26%
"Carry
26%
dawg
26%
deprived
26%
survive
26%
couldn't
25%
dodge
25%
Even
25%
strong
25%
Amityville
24%
points
23%
shot
20%
No matching quizzes found
Score Distribution
Percent of People with Each Score
Percentile by Number Answered
Your Score History
You have not taken this quiz